000
00279nam a22001337a 4500
003
SGT
082
_a
617.7
_b
O13M
100
_a
MUKHERJEE, PK
245
_a
OPHTHALMIC ASSISTANT
260
_a
INDIA
_b
JAYPEE
_c
2013
300
_a
406
650
_a
OPHTHALMOLOGY
942
_2
ddc
_c
BK
999
_c
10524
_d
10524